WHY WE RAGE : (Record no. 180600)

MARC details
000 -LEADER
fixed length control field 01850nam a22003377ia4500
005 - DATE AND TIME OF LATEST TRANSACTION
control field 20201215121530.0
008 - FIXED-LENGTH DATA ELEMENTS--GENERAL INFORMATION
fixed length control field 201215t20202020-uso|||j |||| 00| 0 eng d
020 ## - INTERNATIONAL STANDARD BOOK NUMBER
International Standard Book Number 9780756562243
Terms of availability RM49.90
Qualifying information paperback
040 ## - CATALOGING SOURCE
Original cataloging agency PPAK
Language of cataloging eng
Transcribing agency PPAK
Description conventions rda
082 04 - DEWEY DECIMAL CLASSIFICATION NUMBER
Edition number 23
Classification number 152.47
090 00 - LOCALLY ASSIGNED LC-TYPE CALL NUMBER (OCLC); LOCAL CALL NUMBER (RLIN)
Classification number (OCLC) (R) ; Classification number, CALL (RLIN) (NR) 152.47
Feature heading MAY
Feature heading K
100 1# - MAIN ENTRY--PERSONAL NAME
Personal name Mayer, Melissa,
Relator term author.
245 10 - TITLE STATEMENT
Title WHY WE RAGE :
Remainder of title THE SCIENCE OF ANGER /
Statement of responsibility, etc. by Melissa Mayer
264 #1 - PRODUCTION, PUBLICATION, DISTRIBUTION, MANUFACTURE, AND COPYRIGHT NOTICE
Place of production, publication, distribution, manufacture North Mankato, Minnesota :
Name of producer, publisher, distributor, manufacturer Compass Point Books,
Date of production, publication, distribution, manufacture, or copyright notice [2020?]
Date of production, publication, distribution, manufacture, or copyright notice ©2020
300 ## - PHYSICAL DESCRIPTION
Extent 64 pages :
Other physical details colour photographs ;
Dimensions 23 cm
336 ## - CONTENT TYPE
Source rdacontent
Content type term text
337 ## - MEDIA TYPE
Source rdamedia
Media type term unmediated
338 ## - CARRIER TYPE
Source rdacarrier
Carrier type term volume
490 1# - SERIES STATEMENT
Series statement DECODING THE MIND
500 ## - GENERAL NOTE
General note Includes index.
504 ## - BIBLIOGRAPHY, ETC. NOTE
Bibliography, etc. note Bibliography : page 63.
520 ## - SUMMARY, ETC.
Summary, etc. Have you ever flown off the handle with your best friend or sibling? Maybe you were just so angry, but you didn't really know why. The answer is in the science of rage! Whether you keep your anger bottled up or sometimes lash out without meaning to, life can sometimes feel emotional. But next time you or your friends get cross, you'll understand what's really going on in your brains. Plus, you'll learn tips for decoding aggressive body language and how to listen when your anger is telling you something is wrong. Find out what's happening in your body and how anger can actually be useful. But keep your head! Mental health is still important, so when rage and aggressive feelings have crossed the line, you'll also learn when it's time to reach out for help.
650 10 - SUBJECT ADDED ENTRY--TOPICAL TERM
Topical term or geographic name entry element Anger
Form subdivision Juvenile literature
Topical term or geographic name entry element Anger
General subdivision Physiological aspects
Form subdivision Juvenile literature
Topical term or geographic name entry element Emotions
Form subdivision Juvenile literature
700 1# - ADDED ENTRY--PERSONAL NAME
Personal name Kammer, Gina,
Relator term editor.
Personal name Hultgren, Kellie M.,
Relator term editor.
830 #0 - SERIES ADDED ENTRY--UNIFORM TITLE
Uniform title Decoding the Mind
942 ## - ADDED ENTRY ELEMENTS (KOHA)
Source of classification or shelving scheme Dewey Decimal Classification
Koha item type Book
Holdings
Withdrawn Not for loan Current library Shelving location Date acquired Total Checkouts Full call number Barcode Date last seen Date last checked out Koha item type Total Renewals Checked out
    Perpustakaan Alor Setar Pinjaman Kanak-kanak 21/01/2021 1 K 152.47 MAY A01668566 03/07/2022 09/05/2022 Book    
    Perpustakaan Awam Sungai Petani Pinjaman Kanak-kanak 21/01/2021 2 K 152.47 MAY A01668567 18/03/2024 28/02/2024 Book 1  
    Perpustakaan Baling Pinjaman Kanak-kanak 21/01/2021   K 152.47 MAY A01668571 21/01/2021   Book    
    Perpustakaan Bandar Baharu Pinjaman Kanak-kanak 21/01/2021   K 152.47 MAY A01668572 21/01/2021   Book    
    Perpustakaan Jitra Pinjaman Kanak-kanak 21/01/2021 4 K 152.47 MAY A01668568 27/06/2026 27/06/2026 Book 1 18/07/2026
    Perpustakaan Kuala Nerang Pinjaman Kanak-kanak 21/01/2021   K 152.47 MAY A01668576 21/01/2021   Book    
    Perpustakaan Kulim Pinjaman Kanak-kanak 21/01/2021   K 152.47 MAY A01668570 21/01/2021   Book    
    Perpustakaan Langkawi Pinjaman Kanak-kanak 21/01/2021   K 152.47 MAY A01668569 21/01/2021   Book    
    Perpustakaan Merbok Pinjaman Kanak-kanak 21/01/2021   K 152.47 MAY A01668573 21/01/2021   Book    
    Perpustakaan Pendang Pinjaman Kanak-kanak 21/01/2021   K 152.47 MAY A01668577 21/01/2021   Book    
    Perpustakaan Sik Pinjaman Kanak-kanak 21/01/2021   K 152.47 MAY A01668575 21/01/2021   Book    
    Perpustakaan Yan Pinjaman Kanak-kanak 21/01/2021   K 152.47 MAY A01668574 21/01/2021   Book